Statistics for Business and Economics
Saved in:
| Main Author: | |
|---|---|
| Format: | Book |
| Language: | English |
| Published: |
New York
MacGraw-Hill Publ. Co.
1989
|
| Edition: | 1. ed. |
| Subjects: | |
| Tags: |
No Tags, Be the first to tag this record!
|
MARC
| LEADER | 00000nam a2200000 4500 | ||
|---|---|---|---|
| 001 | c018906 | ||
| 005 | 20221206131636.0 | ||
| 020 | |a 0-07-557119-6 | ||
| 041 | 0 | |a eng | |
| 044 | |a US | ||
| 245 | 1 | 0 | |a Statistics for Business and Economics |c Robert Sandy |
| 250 | |a 1. ed. | ||
| 264 | 1 | |a New York |b MacGraw-Hill Publ. Co. |c 1989 | |
| 300 | |a 1117 s. | ||
| 610 | 2 | 0 | |a štatistika aplikovaná |
| 610 | 2 | 0 | |a zdroje informácií |
| 610 | 2 | 0 | |a dáta |
| 610 | 2 | 0 | |a pravdepodobnosť |
| 610 | 2 | 0 | |a distribúcia |
| 610 | 2 | 0 | |a hypotézy štatistické |
| 610 | 2 | 0 | |a testovanie hypotéz |
| 610 | 2 | 0 | |a prognózovanie |
| 610 | 2 | 0 | |a testy |
| 610 | 2 | 0 | |a teória rozhodovania |
| 610 | 2 | 0 | |a počítače |
| 610 | 2 | 0 | |a využitie počítačov |
| 610 | 2 | 0 | |a procesy rozhodovacie |
| 100 | 1 | |a Sandy, Robert | |